Átültetett életek

Elmentve itt :
Bibliográfiai részletek
Szerző: Chikán Ágnes
Dokumentumtípus: Cikk
Megjelent: 1981-11-22
Sorozat:Délmagyarország 71 No. 274
Kulcsszavak:Sebészeti Klinika
Online Access:http://dmarchiv.bibl.u-szeged.hu/103099
LEADER 00445nab a2200157 i 4500
001 delm103099
005 20190612105025.0
008 190612s1981 hu o 0|| hun d
040 |a SZTE Délmagyarország Archívum  |b hun 
041 |a hun 
100 1 |a Chikán Ágnes 
245 1 0 |a Átültetett életek  |h [elektronikus dokumentum] /  |c  Chikán Ágnes 
260 |c 1981-11-22 
300 |a 6 
490 0 |a Délmagyarország  |v 71 No. 274 
695 |a Sebészeti Klinika